Let's talk 2 : (Record no. 276078)
[ view plain ]
| 000 -LEADER | |
|---|---|
| fixed length control field | 00324nam a2200133 a 4500 |
| 005 - DATE AND TIME OF LATEST TRANSACTION | |
| control field | 20141022141958.0 |
| 008 - FIXED-LENGTH DATA ELEMENTS--GENERAL INFORMATION | |
| fixed length control field | 120302s19uu xx 00 eng d |
| 050 ## - LIBRARY OF CONGRESS CALL NUMBER | |
| Classification number | CD |
| Item number | J72 2008 |
| 100 ## - MAIN ENTRY--PERSONAL NAME | |
| Personal name | Jones, Leo |
| 245 ## - TITLE STATEMENT | |
| Title | Let's talk 2 : |
| Remainder of title | teacher's manual / |
| Statement of responsibility, etc | Leo Jones. |
| 250 ## - EDITION STATEMENT | |
| Edition statement | 2nd ed. |
| 260 ## - PUBLICATION, DISTRIBUTION, ETC. (IMPRINT) | |
| Date of publication, distribution, etc | 2008. |
| 942 ## - ADDED ENTRY ELEMENTS (KOHA) | |
| Koha item type | Audio Visual Materials |
No items available.